| 000 | 00875cam a22002655a 4500 | ||
|---|---|---|---|
| 001 | 4879851 | ||
| 005 | 20180206124033.0 | ||
| 008 | 920829s1991 sz b i001 0 eng | ||
| 020 | _a9221077489 | ||
| 020 | _a9789221077480 | ||
| 040 |
_aDLC _cDLC _beng _dEG-ScBUE |
||
| 082 | 0 | 4 |
_222 _a016.331 |
| 110 | _anternational Labour Office. | ||
| 245 | 1 | 0 |
_aLabour and population programme : _ban annotated bibliography. |
| 260 |
_aGeneva : _bInternational Labour Office, _c1991. |
||
| 300 |
_aix, 209 p. ; _c24 cm. |
||
| 500 | _aIncludes index. | ||
| 650 | 0 |
_aLabor market _xBibliography. _2BUEsh |
|
| 650 | 0 |
_aPopulation _xBibliography. _2BUEsh |
|
| 651 | _2BUEsh | ||
| 710 | 2 |
_aInternational Labour Office. _937621 |
|
| 906 |
_a7 _bcbc _corignew _d3 _encip _f19 _gy-gencatlg |
||
| 942 | _2ddc | ||
| 999 |
_c26107 _d26079 |
||